Estadísticas para Ciudades más Grandes de Canadá

Haz click aquí para intentar la prueba.

Estadísticas generales

  • Esta prueba ha sido intentada 1.012 veces
  • La puntuación promedio es 8 de 15

Estadísticas de respuestas

PoblaciónCiudad% Correcto
2,731,579Toronto
96%
934,243Ottawa
94%
1,704,694Montreal
86%
631,486Vancouver
85%
531,902Quebec
79%
1,239,220Calgary
62%
932,546Edmonton
56%
705,224Winnipeg
49%
403,131Halifax
34%
383,822London
28%
536,917Hamilton
26%
721,599Mississauga
23%
517,887Surrey
14%
593,638Brampton
13%
422,993Laval
13%

Distribución de puntuación

Porcentaje por número respondido

Porcentaje de gente con cada puntuación

Historial de tus puntuaciones

No has intentado esta prueba.